Marcatori della Spagna agli Europei - Austria-Svizzera 2008 - Statistics

Statistiche generali
  • Questo quiz è stato fatto 6 volte
  • Il punteggio medio è 9 su 12
Statistiche sulle risposte
Partita Minuto Marcatore % Corretto
Spagna - Russia 4-1 20' David Villa
100%
Spagna - Russia 4-1 44' David Villa
100%
Spagna - Russia 4-1 75' David Villa
100%
Svezia - Spagna 1-2 92' David Villa
100%
Svezia - Spagna 1-2 15' Fernando Torres
100%
Germania - Spagna 0-1 33' Fernando Torres
100%
Russia - Spagna 0-3 50' Xavi
100%
Spagna - Russia 4-1 91' Cesc Fàbregas
67%
Russia - Spagna 0-3 82' David Silva
67%
Grecia - Spagna 1-2 88' Daniel Güiza
33%
Russia - Spagna 0-3 73' Daniel Güiza
33%
Grecia - Spagna 1-2 61' Rubén de la Red
0%
Nessun quiz corrispondente trovato
Distribuzione punteggi
Percentuale di utenti per punteggio
Percentile per numero di risposta
I tuoi punteggi nel tempo
Non hai fatto questo quiz